| 000 | 01625nam0a2200361 i 4500 | ||
|---|---|---|---|
| 001 | RU\NLR\BIBL_A\012441931 | ||
| 005 | 20241105173126.0 | ||
| 010 |
_a9785903733620 _9500 |
||
| 035 | _a(NLR Aleph) 012441931 | ||
| 090 |
_a11929917 _c11929917 |
||
| 100 | _a20210127d2018 u y0rusy50 ca | ||
| 101 | 0 |
_arus _aeng |
|
| 102 | _aRU | ||
| 105 | _aac||z|||000zy | ||
| 181 | 0 |
_ai _baxxe |
|
| 182 | 0 | _an | |
| 200 | 1 |
_aНа земле чудотворцев _dOn the Land of Saints _e[альбом] _fГеннадий Правдин _g[Императорская академия художеств] _zeng |
|
| 203 |
_aТекст _bвизуальный _cнепосредственный |
||
| 210 |
_aСанкт-Петербург _cАртиндекс _d2018 |
||
| 215 |
_a226, [5] с. _cил., цв. ил., портр. _d23x25 |
||
| 300 | _aАвт. также на англ. яз.: G.O. Pravdin | ||
| 300 | _aВ вып. дан.: текст, живопись, фото: Геннадий Правдин, текст: Василий Матонин | ||
| 300 | _aТекст парал. рус., англ. | ||
| 510 | 1 |
_6z11790 _aOn the Land of Saints _zeng |
|
| 600 | 1 |
_aПравдин _bГ.О. _f1962 _gГеннадий Олегович _jАльбомы _92150302 _3RU\NLR\AUTH\661599755 |
|
| 686 | 1 | _aЩ143(2Р=Рус)7-8Правдин я61 | |
| 700 | 1 |
_aПравдин _bГ. О. _f1962- _gГеннадий Олегович |
|
| 790 | 1 |
_6z11510 _aPravdin _bG. O. _f1962- _gGennadij Olegovič |
|
| 942 | _cBOOK | ||
| 980 | _aNBR | ||